header

Creating caring and nurturing educational environments for African American children (Record no. 683)

MARC details
000 -LEADER
fixed length control field 01321nam a2200313 a 4500
082 04 - DEWEY DECIMAL CLASSIFICATION NUMBER
Classification number 372.182996/073/761
100 1# - MAIN ENTRY--AUTHOR NAME
Personal name Morris, Vivian Gunn,
245 10 - TITLE STATEMENT
Title Creating caring and nurturing educational environments for African American children
260 ## - PUBLICATION, DISTRIBUTION, ETC. (IMPRINT)
Place of publication Westport, Conn. :
Name of publisher Bergin and Garvey,
Year of publication 2000.
300 ## - PHYSICAL DESCRIPTION
Number of Pages xi, 216 p.
650 #0 - SUBJECT ADDED ENTRY--TOPICAL TERM
Topical Term African American children
Topical Term African Americans
700 1# - ADDED ENTRY--PERSONAL NAME
Personal name Morris, Curtis L.,
856 40 - ELECTRONIC LOCATION AND ACCESS
Uniform Resource Identifier http://site.ebrary.com/lib/rucke/Doc?id=5003996

No items available.

© 2026 Rongo University
Contact us: librarian | system librarian | Rongo university